| 000 | 00940nam a2200277Ia 4500 | ||
|---|---|---|---|
| 005 | 20220317000545.0 | ||
| 008 | 160601s2005 ck g 000 0 spa | ||
| 020 | _a9588245028 | ||
| 082 | 0 | 4 |
_aCO864.42 _bZ84e |
| 100 | 1 |
_aZuleta, Estanislao _d1934-1990 |
|
| 245 | 1 | 0 |
_aElogio de la dificultad y otros ensayos _cEstanislao Zuleta |
| 250 | _a9a. edición | ||
| 300 |
_a126 páginas _b22 cm |
||
| 504 | _aIncluye bibliografías | ||
| 650 | 1 | 4 |
_2LEMB _aEnsayos colombianos _ySiglo XX |
| 650 | 1 | 4 |
_2LEMB _aLiteratura colombiana _ySiglo XX |
| 650 | 1 | 4 |
_2LEMB _aArte y filosofía _vEnsayos |
| 650 | 1 | 4 |
_2LEMB _aLiteratura y filosofía _vEnsayos |
| 700 |
_aValencia Gutiérrez, Alberto _d1953- _948105 |
||
| 942 |
_2ddc _cBKLIT |
||
| 264 |
_aMedellín _bHombre Nuevo _c2005 |
||
| 336 |
_atexto _btxt _2rdacontent |
||
| 337 |
_asin mediación _bn _2rdamedia |
||
| 338 |
_avolumen _bnc _2rdacarrier |
||
| 040 |
_aCO-BoRNBP _bspa _erda _cCO-BoRNBP |
||
| 999 |
_c4382 _d4382 |
||